Classical Mechanics: A Modern Perspective (Record no. 299413)
[ view plain ]
| 000 -LEADER | |
|---|---|
| fixed length control field | 00283 a2200121 4500 |
| 001 - CONTROL NUMBER | |
| control field | 64340 |
| 082 ## - DEWEY DECIMAL CLASSIFICATION NUMBER | |
| Classification number | 531 BAR |
| 090 ## - LOCALLY ASSIGNED LC-TYPE CALL NUMBER (OCLC); LOCAL CALL NUMBER (RLIN) | |
| -- | 37975 |
| -- | 37975 |
| 100 ## - MAIN ENTRY--PERSONAL NAME | |
| Personal name | Barger V |
| 245 ## - TITLE STATEMENT | |
| Title | Classical Mechanics: A Modern Perspective |
| Number of part/section of a work | v 42 |
| 260 ## - PUBLICATION, DISTRIBUTION, ETC. | |
| Place of publication, distribution, etc. | NY |
| Name of publisher, distributor, etc. | McGraw-Hill |
| Date of publication, distribution, etc. | 1973 |
| 300 ## - PHYSICAL DESCRIPTION | |
| Extent | 305 p |
| 942 ## - ADDED ENTRY ELEMENTS (KOHA) | |
| Institution code [OBSOLETE] | NUST-CAE |
| Call number prefix | 531 BAR |
| Withdrawn status | Lost status | Damaged status | Not for loan | Collection code | Permanent Location | Current Location | Date acquired | Total Checkouts | Full call number | Barcode | Date last seen | Price effective from | Koha item type |
|---|---|---|---|---|---|---|---|---|---|---|---|---|---|
| College of Aeronautical Engineering (CAE) | College of Aeronautical Engineering (CAE) | 04/03/2017 | 531 BAR | CAEG-5288 | 04/05/2017 | 04/05/2017 | Book |
